Annual Review of Physiology

Bibliografiset tiedot
Aineistotyyppi: Elektroninen Aikakauslehti
Kieli:English
Julkaistu: Cambridge University Press
Linkit:Full text available on Research4Life (HINARI,AGORA,OARE,ARDI & GOALI)
LEADER 00805cas a2200181 a 4500
001 AALejournalResearch4Life003305
008 240902c9999 xx r poo 0 0eng d
022 |a 15451585 
022 |a 664278 
040 |a BD-DhAAL  |c BD-DhAAL 
245 0 0 |h [electronic resource]  |a Annual Review of Physiology 
260 |b Cambridge University Press 
300 |a 1 online resource 
362 0 |a v. 1:1 (1939) - v. 76:1 (2014), v. 77:1 (2015) - current issue 
500 |a <strong>On-Campus Access Only (IP based access)</strong> 
506 |a Electronic access restricted to authorized BRAC University faculty, staff and students 
538 |a Mode of access: Internet 
856 4 0 |z Full text available on Research4Life (HINARI,AGORA,OARE,ARDI & GOALI)  |u https://login.research4life.org/tacsgr1www_annualreviews_org/loi/physiol